MARC

LEADER 00000nam0a2200000 4500
001 97376
005 20231031110912.0
035 |a (RuTPU)RU\TPU\book\104386 
090 |a 97376 
100 |a 20060526d1970 km y0rusy50 ca 
101 0 |a rus 
102 |a RU 
105 |a a z 001zy 
200 1 |a Конструирование и расчет вакуумных систем  |f А. И. Пипко, В. Я. Плисковский, Е. А. Пенчко 
205 |a 2-е изд., доп. и перераб. 
210 |a Москва  |c Энергия  |d 1970 
215 |a 504 с.  |c ил. 
320 |a Библиогр.: с. 494-501. 
610 1 |a конструирование 
610 1 |a расчет 
610 1 |a вакуум 
610 1 |a вакуумные системы 
610 1 |a давление 
610 1 |a разреженные газы 
675 |a 621.5  |v 3 
700 1 |a Пипко  |b А. И.  |g Анатолий Исаакович 
701 1 |a Плисковский  |b В. Я.  |g Владимир Яковлевич 
701 1 |a Пенчко  |b Е. А.  |g Евгений Ануфриевич 
801 1 |a RU  |b 63413507  |c 20060526  |g PSBO 
801 2 |a RU  |b 63413507  |c 20220114  |g PSBO 
942 |c BK